00402pab a2200145 454500008004000000100001700040245008500057260000900142300001300151362001200164650003000176650002200206700001600228773001200244180718b2013 xxu||||| |||| 00| 0 eng d aMayur, Manas aDeterminants of going-public decision in an emerging market: Evidence from India c2013 ap.65-86. aJan-Mar aFinancial markets - India aFinancial markets aManoj Kumar aVikalpa